[Event "Gradiste op 3rd"]
[Site "Gradiste"]
[Date "2023.08.11"]
[Round "8"]
[White "Mladenovic, Velisa"]
[Black "Mesic, Ismet"]
[Result "0-1"]
[WhiteElo "2006"]
[BlackElo "2236"]
[PlyCount "57"]
[EventDate "2023.08.06"]
[EventType "swiss"]
[EventRounds "9"]
[EventCountry "CRO"]
[SourceTitle "EXT 2024"]
[Source "ChessBase"]
[SourceDate "2023.10.10"]
[SourceVersion "1"]
[SourceVersionDate "2023.10.10"]
[SourceQuality "1"]

1. d4 Nf6 2. Bf4 d5 3. c3 e6 4. Nf3 Bd6 5. e3 0-0 6. Bd3 b6 7. 0-0 Bb7 8. Nbd2 c5 9. Bxd6 Qxd6 10. Ne5 Ne4 11. f4 f6 12. Nec4 Qe7 13. Bxe4 dxe4 14. Qc2 Bd5 15. Na3 cxd4 16. exd4 f5 17. Nab1 Bb7 18. Nb3 Nd7 19. Qf2 Nf6 20. Qg3 Nd7 21. N1d2 Rf6 22. Rfe1 Rg6 23. Qf2 e3 24. Rxe3 Rxg2+ 25. Qxg2 Bxg2 26. Kxg2 Qh4 27. Rxe6 Nf6 28. h3 Nh5 29. Rae1 0-1

[Event "CRO Cup"]
[Site "Mali Losinj"]
[Date "2019.05.17"]
[Round "4.142"]
[White "Stojkovic, Andreja"]
[Black "Mladenovic, Velisa"]
[Result "1/2-1/2"]
[WhiteElo "1970"]
[BlackElo "2067"]
[PlyCount "119"]
[EventDate "2019.05.15"]
[EventType "team-swiss"]
[EventRounds "6"]
[EventCountry "CRO"]
[SourceTitle "CBM 190 Extra"]
[Source "ChessBase"]
[SourceDate "2019.07.15"]
[SourceVersion "1"]
[SourceVersionDate "2019.07.15"]
[SourceQuality "1"]
[WhiteTeam "Rijeka Junior"]
[BlackTeam "Varazdin"]
[WhiteTeamCountry "CRO"]
[BlackTeamCountry "CRO"]

1. e4 c6 2. d4 d5 3. exd5 cxd5 4. Bd3 Nf6 5. c3 g6 6. Nf3 Bg7 7. Bf4 0-0 8. 0-0 Nc6 9. Re1 Bg4 10. Nbd2 Rc8 11. h3 Bxf3 12. Nxf3 a6 13. a4 e6 14. b4 Ne7 15. Rc1 Nh5 16. Bg5 Re8 17. b5 a5 18. Qd2 Nf6 19. Bf4 Nd7 20. Ne5 Nxe5 21. Bxe5 Bxe5 22. Rxe5 Kg7 23. g4 Qd6 24. Re2 b6 25. Kg2 Rc7 26. Qe3 Rec8 27. Rec2 Qa3 28. Qe5+ Kg8 29. Qe1 Qxa4 30. Ra1 Qb3 31. Rb1 Qa3 32. Ra1 Qd6 33. Rac1 a4 34. Qe5 Qxe5 35. dxe5 g5 36. h4 h6 37. h5 Rc5 38. Kf3 a3 39. Ke3 Ra8 40. Ra2 Ra4 41. Kd2 Rc7 42. Rca1 Rca7 43. Kc2 Kg7 44. Kb3 f6 45. exf6+ Kxf6 46. c4 R4a5 47. Rxa3 Rxa3+ 48. Rxa3 Rxa3+ 49. Kxa3 dxc4 50. Bxc4 e5 51. f3 Nc8 52. Bd5 Ke7 53. Kb4 Kd6 54. Bb7 Ne7 55. Kc4 Ng8 56. Bd5 Nf6 57. Bc6 Ng8 58. Bd5 Ne7 59. Be4 Ke6 60. Bb7 1/2-1/2

[Event "CRO-chT2 Ost"]
[Site "Croatia"]
[Date "2016.04.16"]
[Round "2.13"]
[White "Vlahov, Hrvoje"]
[Black "Mladenovic, Velisa"]
[Result "1-0"]
[WhiteElo "2157"]
[BlackElo "2099"]
[PlyCount "119"]
[EventDate "2016.04.16"]
[EventType "team-tourn"]
[EventRounds "11"]
[EventCountry "CRO"]
[SourceTitle "EXT 2019"]
[Source "ChessBase"]
[SourceDate "2018.10.10"]
[SourceVersion "1"]
[SourceVersionDate "2018.10.10"]
[SourceQuality "1"]

1. e4 c6 2. d4 d5 3. Nc3 dxe4 4. Nxe4 Nf6 5. Nxf6+ gxf6 6. Nf3 Bg4 7. Be2 Bg7 8. h3 Bh5 9. Be3 f5 10. Qd2 e6 11. 0-0-0 Nd7 12. Bh6 Bf6 13. Kb1 Qe7 14. Bf4 Rg8 15. g3 Bxf3 16. Bxf3 Bg5 17. Rhe1 Bxf4 18. Qxf4 Nb6 19. Re3 Qg5 20. Qc7 Qe7 21. Qf4 Qg5 22. Qxg5 Rxg5 23. Ree1 Ke7 24. c3 Rd8 25. Kc2 Nd5 26. c4 Nc7 27. Kc3 Rgg8 28. b4 a6 29. a4 Rb8 30. a5 Kd6 31. Kb3 h6 32. Re5 Rge8 33. Rde1 f6 34. R5e2 e5 35. c5+ Ke6 36. dxe5 fxe5 37. Rxe5+ Kf6 38. Rxe8 Nxe8 39. Rd1 Ke7 40. Kc4 Nc7 41. Rd6 Ne6 42. h4 Rg8 43. Kc3 Rg7 44. Be2 Rg8 45. Bc4 Rg6 46. h5 Rf6 47. Bxe6 Rxe6 48. Rxe6+ Kxe6 49. Kd4 Kf6 50. f3 Ke6 51. f4 Kf6 52. Ke3 Ke6 53. Kf3 Kf7 54. g4 Kf6 55. gxf5 Kxf5 56. Ke3 Ke6 57. Ke4 Kf6 58. f5 Kg5 59. Ke5 Kxh5 60. f6 1-0

[Event "CRO-chT2 East"]
[Site "Osijek"]
[Date "2013.05.11"]
[Round "4.22"]
[White "Mladenovic, Velisa"]
[Black "Pucovski, Miroslav"]
[Result "0-1"]
[WhiteElo "2169"]
[BlackElo "2294"]
[PlyCount "60"]
[EventDate "2013.04.20"]
[EventType "team-tourn"]
[EventRounds "11"]
[EventCountry "CRO"]
[SourceTitle "EXT 2023"]
[Source "ChessBase"]
[SourceDate "2022.10.05"]
[SourceVersion "1"]
[SourceVersionDate "2022.10.05"]
[SourceQuality "1"]

1. d4 d5 2. Bf4 Nf6 3. e3 c5 4. c3 Nc6 5. Nf3 Qb6 6. Qb3 c4 7. Qc2 Bf5 8. Qc1 h6 9. h3 e6 10. Be2 Be7 11. 0-0 0-0 12. Nbd2 Qd8 13. Ne5 Nxe5 14. Bxe5 Ne4 15. Nxe4 Bxe4 16. f3 Bg6 17. e4 b5 18. exd5 exd5 19. Bg3 b4 20. Bd1 Qa5 21. Qd2 bxc3 22. bxc3 Ba3 23. f4 Bd3 24. Rf3 Be4 25. Rf2 Rab8 26. Bf3 Bb2 27. Bxe4 Bxa1 28. Bc2 Qxc3 29. Qe2 Qxg3 30. Qd1 Bb2 0-1

[Event "CRO-chT2c"]
[Site "Croatia"]
[Date "2009.10.17"]
[Round "8"]
[White "Cajzler, Hinko"]
[Black "Mladenovic, Velisa"]
[Result "1-0"]
[WhiteElo "2197"]
[BlackElo "2276"]
[PlyCount "103"]
[EventDate "2009.04.04"]
[EventType "team-tourn"]
[EventRounds "11"]
[EventCountry "CRO"]
[SourceTitle "EXT 2011"]
[Source "ChessBase"]
[SourceDate "2010.11.26"]
[SourceVersion "1"]
[SourceVersionDate "2010.11.26"]
[SourceQuality "1"]

1. d4 c6 2. e4 d5 3. Nc3 g6 4. exd5 cxd5 5. Bf4 Bg7 6. Nb5 Na6 7. c3 Nf6 8. Nf3 0-0 9. h3 Bd7 10. a4 Ne8 11. Qb3 Bc6 12. Be2 Nac7 13. Nxc7 Nxc7 14. Ne5 Ne6 15. Bh2 Re8 16. 0-0 Ng5 17. Bd3 f6 18. Nxc6 bxc6 19. Qb7 Qb6 20. Ba6 e5 21. a5 Qd8 22. Qxc6 Re6 23. Qb5 Rb8 24. Bb7 Kh8 25. a6 Rb6 26. Qxd5 Qxd5 27. Bxd5 Rxb2 28. dxe5 fxe5 29. h4 Rd2 30. c4 Nf7 31. Bxf7 Rf8 32. Bd5 e4 33. Rab1 Bd4 34. Kh1 h6 35. Bxe4 g5 36. hxg5 hxg5 37. f3 Rf6 38. Rfd1 Rxd1+ 39. Rxd1 Bc3 40. Rd8+ Kg7 41. Rd7+ Kf8 42. Rxa7 g4 43. Ra8+ Kg7 44. Kg1 Rh6 45. Bf4 Bd4+ 46. Kf1 Rh1+ 47. Ke2 gxf3+ 48. Bxf3 Ra1 49. Rd8 Bf6 50. Rd7+ Kg6 51. a7 Ra2+ 52. Bd2 1-0

[Event "CRO-chT2c"]
[Site "Croatia"]
[Date "2009.05.02"]
[Round "5"]
[White "Mladenovic, Velisa"]
[Black "Sulc, Damir"]
[Result "1/2-1/2"]
[WhiteElo "2270"]
[BlackElo "2274"]
[PlyCount "76"]
[EventDate "2009.04.04"]
[EventType "team-tourn"]
[EventRounds "11"]
[EventCountry "CRO"]
[SourceTitle "EXT 2010"]
[Source "ChessBase"]
[SourceDate "2010.11.25"]
[SourceVersion "1"]
[SourceVersionDate "2010.11.25"]
[SourceQuality "1"]

1. d4 Nf6 2. Nf3 e6 3. Bg5 h6 4. Bh4 b6 5. e3 Bb7 6. Nbd2 c5 7. c3 Be7 8. Nc4 cxd4 9. exd4 d6 10. h3 0-0 11. Bd3 Nbd7 12. 0-0 Rc8 13. Rc1 Re8 14. Re1 b5 15. Ncd2 a6 16. a3 Bf8 17. Ne4 Be7 18. Nxf6+ Nxf6 19. Bb1 Bd5 20. Qd3 g6 21. Nd2 Bf8 22. Re3 Bg7 23. Rce1 Qc7 24. Bxf6 Bxf6 25. f4 Qd7 26. Qe2 Kf8 27. g3 a5 28. h4 h5 29. Be4 Qc6 30. Bd3 Bc4 31. Ne4 Bxd3 32. Qxd3 Bg7 33. Ng5 b4 34. axb4 axb4 35. Rc1 Qc4 36. Qxc4 Rxc4 37. Nf3 Rec8 38. Rd3 Ke7 1/2-1/2

[Event "CRO-chT2c"]
[Site "Croatia"]
[Date "2009.04.04"]
[Round "2"]
[White "Saric, Kristina"]
[Black "Mladenovic, Velisa"]
[Result "1/2-1/2"]
[WhiteElo "2233"]
[BlackElo "2270"]
[PlyCount "46"]
[EventDate "2009.04.04"]
[EventType "team-tourn"]
[EventRounds "11"]
[EventCountry "CRO"]
[SourceTitle "EXT 2010"]
[Source "ChessBase"]
[SourceDate "2010.11.25"]
[SourceVersion "1"]
[SourceVersionDate "2010.11.25"]
[SourceQuality "1"]

1. e4 c6 2. d4 d5 3. Nc3 g6 4. h3 Bg7 5. Nf3 dxe4 6. Nxe4 Nf6 7. Nxf6+ Bxf6 8. Bc4 0-0 9. 0-0 b6 10. Ne5 Bb7 11. Bh6 Bg7 12. Bxg7 Kxg7 13. Qg4 f6 14. Nf3 Ba6 15. Bxa6 Nxa6 16. Rfe1 Rf7 17. Qe6 c5 18. Rad1 Qc8 19. Qd5 Nc7 20. Qc6 Ne8 21. Qxc8 Rxc8 22. dxc5 Rxc5 23. c3 e5 1/2-1/2

[Event "Novi Sad Vujovic Memorial"]
[Site "Novi Sad"]
[Date "2007.09.26"]
[Round "4"]
[White "Radulovic, Bojan"]
[Black "Mladenovic, Velisa"]
[Result "1/2-1/2"]
[WhiteElo "2273"]
[BlackElo "2218"]
[PlyCount "23"]
[EventDate "2007.09.26"]
[EventType "swiss"]
[EventRounds "9"]
[EventCountry "YUG"]
[SourceTitle "EXT 2008"]
[Source "ChessBase"]
[SourceDate "2007.11.25"]
[SourceVersion "1"]
[SourceVersionDate "2007.11.25"]
[SourceQuality "1"]

1. e4 c5 2. Nf3 Nc6 3. d4 cxd4 4. Nxd4 Nf6 5. f3 d5 6. exd5 Qxd5 7. Be3 Nxd4 8. Qxd4 a6 9. Nc3 Qxd4 10. Bxd4 e6 11. 0-0-0 b5 12. Bd3 1/2-1/2

[Event "Treber Memorial 4th"]
[Site "Vinkovci"]
[Date "2007.03.05"]
[Round "6.4"]
[White "Radulovic, Bojan"]
[Black "Mladenovic, Velisa"]
[Result "1-0"]
[WhiteElo "2227"]
[BlackElo "2217"]
[PlyCount "77"]
[EventDate "2007.03.02"]
[EventType "swiss"]
[EventRounds "7"]
[EventCountry "CRO"]
[SourceTitle "CBM 117 Extra"]
[Source "ChessBase"]
[SourceDate "2007.05.09"]
[SourceVersion "1"]
[SourceVersionDate "2007.05.09"]
[SourceQuality "1"]

1. e4 c6 2. d4 d5 3. exd5 cxd5 4. c4 Nf6 5. Nc3 e6 6. Nf3 Be7 7. Bf4 a6 8. Be2 0-0 9. 0-0 dxc4 10. Bxc4 b5 11. Be2 Bb7 12. Ne5 Nd5 13. Nxd5 Bxd5 14. Bf3 Bf6 15. a4 b4 16. a5 Ra7 17. Be2 Nc6 18. Nxc6 Bxc6 19. Be3 Bd5 20. Qd2 b3 21. Rfc1 Qa8 22. Bf1 Be4 23. Rc3 Bd5 24. Bf4 Be7 25. Rg3 f5 26. Be5 Bh4 27. Rh3 Bf6 28. Bd6 Be7 29. Bxe7 Rxe7 30. Qd3 Rb8 31. Qxa6 Bxg2 32. Qxa8 Bxa8 33. Bc4 Bd5 34. Bxd5 exd5 35. Ra3 Re4 36. Rhxb3 Rxb3 37. Rxb3 Rxd4 38. a6 Ra4 39. Ra3 1-0

[Event "Vinkovci op"]
[Site "Vinkovci"]
[Date "2005.03.08"]
[Round "2"]
[White "Mladenovic, Velisa"]
[Black "Leventic, Ivan"]
[Result "0-1"]
[WhiteElo "2149"]
[BlackElo "2479"]
[PlyCount "65"]
[EventDate "2005.03.07"]
[EventType "swiss"]
[EventRounds "7"]
[EventCountry "CRO"]
[SourceTitle "EXT 2006"]
[Source "ChessBase"]
[SourceDate "2005.11.24"]
[SourceVersion "1"]
[SourceVersionDate "2005.11.24"]
[SourceQuality "1"]

1. d4 c5 2. c3 e6 3. Nf3 Nf6 4. Bg5 b6 5. e3 Be7 6. Nbd2 cxd4 7. exd4 0-0 8. Bd3 Bb7 9. Qc2 h6 10. Bxf6 Bxf6 11. 0-0 Nc6 12. Nc4 Qc7 13. Rfe1 Ne7 14. Ncd2 Nd5 15. Be4 Be7 16. Ne5 d6 17. Nd3 Bg5 18. Re2 a5 19. Rf1 f5 20. Bf3 Rfe8 21. Rfe1 Kf7 22. Qd1 b5 23. a3 g6 24. Qb3 Bc6 25. c4 bxc4 26. Qxc4 Qb7 27. b4 Bb5 28. Qb3 a4 29. Qb1 Rac8 30. h4 Rc3 31. Qa2 Rxd3 32. Bxd5 Qxd5 33. Qc2 0-1

[Event "Borovo op"]
[Site "Borovo"]
[Date "2003.??.??"]
[Round "6"]
[White "Novakovic, Dragan"]
[Black "Mladenovic, Velisa"]
[Result "1-0"]
[WhiteElo "2356"]
[BlackElo "2223"]
[PlyCount "55"]
[EventDate "2003.??.??"]
[EventType "swiss"]
[EventRounds "9"]
[EventCountry "CRO"]
[SourceTitle "EXT 2005"]
[Source "ChessBase"]
[SourceDate "2004.11.15"]
[SourceVersion "1"]
[SourceVersionDate "2004.11.15"]
[SourceQuality "1"]

1. d4 d5 2. Nf3 Nf6 3. e3 g6 4. Be2 Bg7 5. 0-0 0-0 6. Nbd2 Re8 7. c4 c6 8. b3 Nbd7 9. Bb2 b5 10. Qc2 bxc4 11. bxc4 Ba6 12. Rfe1 Nb6 13. Ba3 Qc8 14. e4 Nxe4 15. Nxe4 dxe4 16. Qxe4 Bxc4 17. Bxc4 Nxc4 18. Qd3 Nxa3 19. Qxa3 c5 20. Rac1 e6 21. dxc5 Re7 22. c6 Rc7 23. Red1 a5 24. Rc5 a4 25. Rdc1 h5 26. h3 Qa6 27. Ne5 Qe2 28. Nd7 1-0

[Event "Bosnjaci op 8th"]
[Site "Bosnjaci"]
[Date "2002.01.05"]
[Round "4"]
[White "Krstic, Uros"]
[Black "Mladenovic, Velisa"]
[Result "1-0"]
[WhiteElo "2356"]
[BlackElo "2240"]
[PlyCount "75"]
[EventDate "2002.01.03"]
[EventType "swiss"]
[EventRounds "7"]
[EventCountry "CRO"]
[SourceTitle "CBM 086 Extra"]
[Source "ChessBase"]
[SourceDate "2002.03.14"]
[SourceVersion "1"]
[SourceVersionDate "2002.03.14"]
[SourceQuality "1"]

1. e4 c6 2. d4 d5 3. Nd2 g6 4. h3 Bg7 5. Ngf3 Nd7 6. Bd3 dxe4 7. Nxe4 Ngf6 8. Nxf6+ Nxf6 9. 0-0 b6 10. Re1 0-0 11. Bf4 Bb7 12. Qe2 e6 13. Be5 a5 14. Rad1 Qc8 15. Nd2 Ba6 16. Bxa6 Rxa6 17. Qf3 Nd5 18. Ne4 b5 19. c3 a4 20. Rd3 Ra7 21. b3 axb3 22. axb3 Qa8 23. Bxg7 Kxg7 24. c4 bxc4 25. bxc4 Nb4 26. Qf6+ Kg8 27. Rb3 Nc2 28. Re2 Rb7 29. Rxb7 Qxb7 30. Qe5 Ra8 31. Nf6+ Kg7 32. Ne8+ Kf8 33. Qh8+ Ke7 34. Rxe6+ Kd7 35. Rd6+ Ke7 36. Qe5+ Kf8 37. Qg7+ Ke7 38. Re6+ 1-0

[Event "Slavonija"]
[Site "Vukovar"]
[Date "2001.08.05"]
[Round "4"]
[White "Feletar, Darko"]
[Black "Mladenovic, Velisa"]
[Result "1-0"]
[WhiteElo "2441"]
[BlackElo "2287"]
[PlyCount "79"]
[EventDate "2001.08.04"]
[EventType "tourn"]
[EventRounds "5"]
[EventCountry "CRO"]
[EventCategory "6"]
[SourceTitle "CBM 083 Extra"]
[Source "ChessBase"]
[SourceDate "2001.09.11"]
[SourceVersion "1"]
[SourceVersionDate "2001.09.11"]
[SourceQuality "1"]

1. Nf3 d5 2. c4 c6 3. e3 Nf6 4. Nc3 Qb6 5. Qc2 Nbd7 6. d4 Qc7 7. Bd3 a6 8. e4 dxe4 9. Nxe4 Nxe4 10. Bxe4 Nf6 11. Bd3 Bg4 12. Ne5 Qd6 13. Be3 Bh5 14. Qb3 b5 15. a4 bxc4 16. Qxc4 Nd5 17. 0-0 e6 18. Nxc6 Be7 19. Nxe7 Kxe7 20. Rfc1 Nb4 21. Be4 Rac8 22. Qxc8 Rxc8 23. Rxc8 f5 24. Ba8 f4 25. Bd2 Nd3 26. Bc3 f3 27. Be4 Nf4 28. gxf3 Nh3+ 29. Kg2 Qf4 30. Bb4+ Kd7 31. Rac1 Ng5 32. R1c7+ Qxc7 33. Rxc7+ Kxc7 34. Ba5+ Kd6 35. Bb7 e5 36. dxe5+ Kxe5 37. Bc3+ Kf4 38. Bd2+ Kf5 39. Bxg5 Kxg5 40. Bxa6 1-0

[Event "Bosnjaci op 7th"]
[Site "Bosnjaci"]
[Date "2001.01.07"]
[Round "6"]
[White "Mladenovic, Velisa"]
[Black "Goric, Esad"]
[Result "0-1"]
[WhiteElo "2218"]
[BlackElo "2361"]
[PlyCount "52"]
[EventDate "2001.01.03"]
[EventType "swiss"]
[EventRounds "7"]
[EventCountry "CRO"]
[SourceTitle "CBM 080 Extra"]
[Source "ChessBase"]
[SourceDate "2001.03.08"]
[SourceVersion "1"]
[SourceVersionDate "2001.03.08"]
[SourceQuality "1"]

1. d4 Nf6 2. Bf4 d6 3. e3 Nbd7 4. Nf3 g6 5. Nbd2 Bg7 6. h3 0-0 7. c3 Qe8 8. Bg5 e5 9. dxe5 dxe5 10. Bc4 Nc5 11. Bxf6 Bxf6 12. Qc2 Be6 13. Ne4 Nxe4 14. Qxe4 c6 15. Bxe6 Qxe6 16. b3 Rfd8 17. Ke2 Rd6 18. Rad1 Rad8 19. Rxd6 Qxd6 20. Qc2 e4 21. Nd4 c5 22. Nb5 Qe5 23. c4 a6 24. Na3 Rd3 25. Rd1 Qh5+ 26. Ke1 Rxd1+ 0-1